000 00638nam a2200193 a 4500
001 000040776
005 20201002034354.0
008 130906s2011 sp 000 0 spa d
020 _a9788484896173
040 _aDO-SdBNP
_bspa
_cBNPHU
100 1 _aRueda, María Helena
_967183
245 1 3 _aLa violencia y sus huellas :
_bUna mirada desde la narrativa Colombiana /
_cMaría Helena Rueda.
260 _aMadrid :
_bIberoamericana,
_c2011.
300 _a198 p. ;
_c23 cm.
490 1 _aNexos y diferencias
500 _aIncluye notas al pie de las páginas
504 _aBibliografía : p. 185-198
830 0 _aNexos y diferencias
_967184
999 _c40266
_d40266